Matemática moderna : (Record no. 10590)

000 -CABECERA
fixed length control field 00664nam a22002177a 4500
003 - IDENTIFICADOR DEL NÚMERO DE CONTROL
control field AR-CdUCM
008 - DATOS DE LONGITUD FIJA--INFORMACIÓN GENERAL
fixed length control field 190401b ||||| |||| 00| 0 spa d
040 ## - FUENTE DE LA CATALOGACIÓN
Agencia/entidad que catalogó originalmente la obra MUNICIPALIDAD PROVINCIAL DEL CUSCO
Entidad que transcribió la catalogación BIBLIOTECA MUNICIPAL DEL CUSCO
082 ## - NÚMERO DE LA CLASIFICACIÓN DECIMAL DEWEY
No. de Clasificación EP / 372.510 /
Notacion interna M19
100 ## - ENTRADA PRINCIPAL--NOMBRE DE PERSONA
Nombre Personal Malpartida Bonifacio, Cipriano
245 ## - MENCIÓN DE TÍTULO
Título Matemática moderna :
Resto del título segundo grado de primaria /
260 ## - PUBLICACIÓN, DISTRIBUCIÓN, ETC.
Lugar de publicación, distribución, etc. Lima :
Nombre de la editorial, distribuidor, etc. Escuela Nueva,
300 ## - DESCRIPCIÓN FÍSICA
Nº de Páginas Extensión 124 páginas ;
Otros detalles físicos imágenes.
Dimensiones 28 cm.
505 ## - NOTA DE CONTENIDO CON FORMATO
Nota de contenido formateada Matemáticas.
650 ## - PUNTO DE ACCESO ADICIONAL DE MATERIA--TÉRMINO DE MATERIA
Descriptor Matemáticas.
9 (RLIN) 9398
650 ## - PUNTO DE ACCESO ADICIONAL DE MATERIA--TÉRMINO DE MATERIA
Descriptor Primaria.
9 (RLIN) 9686
650 ## - PUNTO DE ACCESO ADICIONAL DE MATERIA--TÉRMINO DE MATERIA
Descriptor Suma.
9 (RLIN) 27204
650 ## - PUNTO DE ACCESO ADICIONAL DE MATERIA--TÉRMINO DE MATERIA
Descriptor Resta.
9 (RLIN) 27545
942 ## - ELEMENTOS DE PUNTO DE ACCESO ADICIONAL (KOHA)
Fuente de clasificación
Tipo de item Libros-BMC
945 ## - PROCESAMIENTO DE INFORMACIÓN LOCAL (OCLC)
Catalogador wfj
Holdings
Estado de retiro (separado) Fuente de clasificación o esquema de estanterías Estado dañado Ubicación Sala donde se ubica Nombre de la colección Fecha de adquisición o compra Costo, precio normal en soles Signatura topográfica Código de Barras Última vez visto (Koha) Tipo de ítem (Koha)
No     Sala de Infantes Sala de Infantes Book Cart 2019-04-01 20.00 EP / 372.510 / M19 SI00000544 2019-04-01 Libros-BMC
No     Sala de Infantes Sala de Infantes Book Cart 2019-04-01 20.00 EP / 372.510 / M19 /e.2 SI00001120 2019-04-01 Libros-BMC

Powered by Koha